| 000 | 00436nam a22001817a 4500 | ||
|---|---|---|---|
| 003 | CEME | ||
| 005 | 20210628203028.0 | ||
| 008 | 210119b xxu||||| |||| 00| 0 eng d | ||
| 020 | _a978-969-407-339 | ||
| 040 | _c. | ||
| 082 | _a934 MAR | ||
| 100 |
_aMarshall, John. Sir _962948 |
||
| 245 | _aA guide to taxila | ||
| 260 |
_aISLAMABAD _bROYAL BOOKS _c2007 |
||
| 300 | _a186 P | ||
| 650 |
_aGUIDE TO TAXILA _96671 |
||
| 942 |
_cBK _2ddc |
||
| 999 |
_c571893 _d571893 |
||